Romania - Personalitati Bancnote - Statistics

General Stats
  • This quiz has been taken 10 times
  • The average score is 4 of 7
Answer Stats
Picture Answer % Correct
Nicolae Iorga
100%
George Enescu
67%
Aurel Vlaicu
50%
Lucian Blaga
50%
Mihai Eminescu
50%
Nicolae Grigorescu
50%
Ion Luca Caragiale
33%
No matching quizzes found
Score Distribution
Percent of People with Each Score
Percentile by Number Answered
Your Score History
You have not taken this quiz